Phương pháp giảm mập
Kaydedildi:
| Yazar: | |
|---|---|
| Materyal Türü: | Kitap |
| Dil: | Undetermined |
| Baskı/Yayın Bilgisi: |
Cà Mau
Mũi Cà Mau
2002
|
| Konular: | |
| Etiketler: |
Etiketle
Etiket eklenmemiş, İlk siz ekleyin!
|
| Thư viện lưu trữ: | Trung tâm Học liệu Trường Đại học Cần Thơ |
|---|
| LEADER | 00528nam a2200193Ia 4500 | ||
|---|---|---|---|
| 001 | CTU_60495 | ||
| 008 | 210402s9999 xx 000 0 und d | ||
| 020 | |c 16000 | ||
| 082 | |a 613.25 | ||
| 082 | |b K310 | ||
| 100 | |a Phan, Thị Kim | ||
| 245 | 0 | |a Phương pháp giảm mập | |
| 245 | 0 | |c Phan Thị Kim | |
| 260 | |a Cà Mau | ||
| 260 | |b Mũi Cà Mau | ||
| 260 | |c 2002 | ||
| 650 | |a Diet therapy,Low-calorie diet,Execise therapy | ||
| 904 | |i Minh,Hải | ||
| 980 | |a Trung tâm Học liệu Trường Đại học Cần Thơ | ||